Pripomienky k novele zákona [o] liekoch SLeK vyslovila zásadné námietky k účelovým zmenám

Bibliographic Details
Main Author: (mž) (Author)
Format: Article
Language:Slovak
ISSN:1335-4477
Subjects:

MARC

LEADER 00000nab a2200000 a 4500
001 vtls000840981
003 SK-MaSNL
005 20260304230755.0
008 140303c2003 xo 0 slo
015 |a SNBRB2003/08-20746 
035 |a CLN000192636 
040 |a SNKBUCL  |b slo  |c SNKBUCL  |e AACR2 
041 0 |a slo 
044 |a xo  |c SK 
080 |a 615.2:340.133  |2 1997 
080 |a 615:061.22(437.6)  |2 1997 
100 0 |a (mž)  |4 aut  |9 839876 
245 1 0 |a Pripomienky k novele zákona [o] liekoch  |b SLeK vyslovila zásadné námietky k účelovým zmenám  |c [autor] (mž) 
610 2 7 |a Slovenská lekárnická komora  |2 SNKKA  |9 14791 
650 0 7 |a lieky  |x zákony  |x novelizácia  |x pripomienky  |2 snkbucl  |9 1563891 
655 7 |a články z novín a časopisov  |2 snkbucl  |9 267496 
773 0 |t Zdravotnícke noviny  |g Roč. 8, č. 26 (2003), s. 1 a 3  |x 1335-4477 
850 |a Slovenská národná knižnica v Martine 
852 |a SNK  |b KIS3GCP 
958 |a MI 
958 |a SK 
992 |a RBX 
999 |c 3185021  |d 3186951